| 000 | 00845cam a22002531 4500 | ||
|---|---|---|---|
| 001 | ca 34001719 | ||
| 003 | DLC | ||
| 005 | 20260227111135.0 | ||
| 008 | 890621s1934 maua 000 0 eng | ||
| 010 | _aca 34001719 | ||
| 035 | _a(OCoLC)19903828 | ||
| 040 |
_aDLC _cRPB _dDLC |
||
| 042 | _apremarc | ||
| 050 | 0 | 0 |
_aPS3515.I3 _bB5 1934 |
| 051 | _ccopy 2. | ||
| 082 | _a812.5 | ||
| 100 | 1 | _aHigbee, Jane Elizabeth. | |
| 245 | 1 | 0 |
_aBlow east, blow west, _ba romantic comedy in one act, _cby Jane Elizabeth Higbee ... |
| 260 |
_aBoston, _bWalter H. Baker Company _c[c1934] |
||
| 300 |
_a30 p. _bdiagr. _c19 cm. |
||
| 440 | 0 | _aBaker's royalty plays | |
| 500 | _a"Awards: first prize, Miami civic theatre annual playwriting contest, 1932. Second prize, National league of American penwomen drama contest, 1933." | ||
| 500 | _aMusic: p. 28-30. | ||
| 999 |
_c17605 _d17605 |
||